000 00696nam a2200229 a 4500
005 20191224041555.0
008 140226b1994 fr a gr|||| 00| 0 fre d
020 _a2876141736
040 _aCO-BoIAVH
_cCO-BoIAVH
041 _afre
044 _afr
082 4 _a333.7071
_bC39i
110 2 _bCentre de Cooperation Internationale en Recherche Agronomique Pour le Developpement
_96794
245 1 _aImages de la recherche
260 _aParís
_bCIRAD
_c1994
300 _a119 paginas.
_bilustraciones.;
_c26 x 21 cm
650 4 _aSistemas de producción agrarios
_93532
650 4 _aEcodesarrollo
_911124
650 4 _aMejoramiento genético
_91483
662 _aFrancia
942 _cLIBRO
_2ddc
999 _c1166
_d1166